The One Thing / (Record no. 614020)
[ view plain ]
| 000 -LEADER | |
|---|---|
| fixed length control field | 00379nam a22001457a 4500 |
| 020 ## - INTERNATIONAL STANDARD BOOK NUMBER | |
| International Standard Book Number | 9781848549258 |
| 040 ## - CATALOGING SOURCE | |
| Transcribing agency | NUST |
| 082 ## - DEWEY DECIMAL CLASSIFICATION NUMBER | |
| Edition number | 21st. |
| Classification number | 158.1 |
| Author Mark | KEL |
| 100 ## - MAIN ENTRY--PERSONAL NAME | |
| Personal name | Keller, Gary |
| 9 (RLIN) | 129315 |
| 245 ## - TITLE STATEMENT | |
| Title | The One Thing / |
| Statement of responsibility, etc. | Gary, Keller |
| 260 ## - PUBLICATION, DISTRIBUTION, ETC. | |
| Place of publication, distribution, etc. | London: |
| Name of publisher, distributor, etc. | John Murray (Publisher) |
| Date of publication, distribution, etc. | 2013 |
| 300 ## - PHYSICAL DESCRIPTION | |
| Extent | 240p. : |
| Dimensions | 22cm. |
| 440 ## - SERIES STATEMENT/ADDED ENTRY--TITLE | |
| Title | The One Thing / |
| 9 (RLIN) | 129346 |
| 942 ## - ADDED ENTRY ELEMENTS (KOHA) | |
| Source of classification or shelving scheme | |
| Koha item type | Book |
| Withdrawn status | Lost status | Source of classification or shelving scheme | Damaged status | Not for loan | Permanent Location | Current Location | Date acquired | Total Checkouts | Full call number | Barcode | Checked out | Date last seen | Date last checked out | Price effective from | Koha item type |
|---|---|---|---|---|---|---|---|---|---|---|---|---|---|---|---|
| Central Library (CL) | Central Library (CL) | 06/30/2025 | 1 | 158.1 KEL | CL-D-2928 | 10/09/2025 | 09/09/2025 | 09/09/2025 | 06/30/2025 | Book |
